What the Bible teaches and fundamental Baptists believe. (Record no. 3830)

000 -LEADER
fixed length control field 00547nam a2200181 a 4500
001 - CONTROL NUMBER
control field :::00001565$&:&@@
003 - CONTROL NUMBER IDENTIFIER
control field OkBaRHE
005 - DATE AND TIME OF LATEST TRANSACTION
control field 20000607103244.0
008 - FIXED-LENGTH DATA ELEMENTS--GENERAL INFORMATION
fixed length control field s1966 j 000 0 eng u
040 ## - CATALOGING SOURCE
Transcribing agency
100 1# - MAIN ENTRY--PERSONAL NAME
Personal name Melton, J. H.
245 10 - TITLE STATEMENT
Title What the Bible teaches and fundamental Baptists believe.
260 ## - PUBLICATION, DISTRIBUTION, ETC. (IMPRINT)
Place of publication, distribution, etc Springfield, MO., :
Name of publisher, distributor, etc Crescendo Publications
Date of publication, distribution, etc c1966
300 ## - PHYSICAL DESCRIPTION
Extent 104 p.
650 ## - SUBJECT ADDED ENTRY--TOPICAL TERM
Topical term or geographic name as entry element Bible Study
942 ## - ADDED ENTRY ELEMENTS (KOHA)
Source of classification or shelving scheme
Koha item type Books
Copies
Damaged status Copy number Withdrawn status Price effective from Source of classification or shelving scheme Barcode Shelving location Lost status Full call number Koha item type Permanent Location Date acquired Not for loan Date last seen
 1 2010-04-14 1565General Stacks BS 600 .M5BooksRHEMA Bible Training College2010-04-14 2010-04-14